Click the Correct Emma - Statistics

General Stats
  • This quiz has been taken 16 times
  • The average score is 5 of 20
Answer Stats
Hint Answer % Correct
AKA Baby Spice Bunton
71%
Lived at the center of early psychoanalysis as both thinker and wife Jung
57%
Screenwriter for Sense and Sensibility adaptation Thompson
50%
“It’s leviosa, not leviosar!” Watson
50%
Dissatisfied provincial wife chasing romantic fantasies Bovary
43%
A muse for Romney and a mistress for Lord Nelson Hamilton
36%
Could be found in Coven, Cult, or Freak Show Roberts
29%
A fairy-tale savior Swan
29%
Self-appointed matchmaker of Highbury society Woodhouse
29%
Known celebrity interviewer of the Met Gala Chamberlain
21%
A frequent collaborator of director Yorgos Lanthimos Stone
21%
Star soprano famed for her Carmen performances Calvé
14%
First woman to hike the Appalachian Trail solo at 67 Gatewood
14%
Became known as “Red Emma,” a symbol of radical political dissent Goldman
14%
Gave the Statue of Liberty its famous call to “huddled masses” Lazarus
14%
A hero of hers secretly outsmarts the guillotine Orczy
14%
Guidance counselor with OCD and color-coded outfits Pillsbury
14%
First Canadian opera singer to achieve international stardom Albani
7%
A ballerina who found her death after her tutu caught on fire Livry
7%
Founded USA's first women's higher education school Willard
7%
No matching quizzes found
Score Distribution
Percent of People with Each Score
Percentile by Number Answered
Your Score History
You have not taken this quiz